LEADER 01496cam0 22003253 450 001 SOB019660 005 20231010103124.0 010 $a881409716X 100 $a20040211d2002 |||||ita|0103 ba 101 $aita 102 $aIT 200 1 $aSanità e assistenza dopo la riforma del titolo 5.$eatti della Giornata nazionale di studio Genova, 15 gennaio 2002$fa cura di Renato Balduzzi e Giuseppe Di Gaspare 210 $aMilano$cGiuffré$d2002 215 $a359 p.$d23 cm 225 2 $aQuaderni$v28 225 2 $aPubblicazioni del Centro di ricerca sulle amministrazioni pubbliche Vittorio Bachelet$hCollana di quaderni$v28 300 $aIn testa al front.: LUISS, Libera università internazionale degli studi sociali Guido Carli, Centro di ricerca sulle amministrazioni pubbliche Vittorio Bachelet 410 1$1001LAEC00017523$12001 $a*Quaderni$v28 410 1$1001LAEC00015688$12001 $a*Pubblicazioni del Centro di ricerca sulle amministrazioni pubbliche Vittorio Bachelet. Collana di quaderni$v28 702 1$aBalduzzi, Renato$3AF00022726$4070 702 1$aDi Gaspare, Giuseppe$3AF00022727$4070 801 0$aIT$bUNISOB$c20231010$gRICA 850 $aUNISOB 852 $aUNISOB$j340$m110756 912 $aSOB019660 940 $aM 102 Monografia moderna SBN 941 $aM 957 $a340$b004097$gSI$d110756$rACQUISTO$1rovito$2UNISOB$3UNISOB$420231010103005.0$520231010103018.0$6rovito 996 $aSanità e assistenza dopo la riforma del Titolo 5$9933164 997 $aUNISOB